000 00610cab a2200205 4500
001 ABS42252
008 090401t1990 xxu||||| |||| 00| 0 eng d
035 _a(Sirsi) u35702
041 _aeng
100 _aJones, J.L.
245 _aFarmers back in clover
260 _c1990
350 _a0
490 _aCountry Life
_v15 February 1990, 80(1)
520 _aDiscusses the use of white clover in the UK as an alternative to using nitrogen fertilizers to increase grass production for dairy and cattle feed.
650 _aDAIRY FARMING
690 _aRURAL PRACTICE
942 _n0
948 _c04/03/1997
999 _c23352
_d23352